Loading...
| Any History | 7 | 11.43 | 86% | 14% | 14% |
| Current Events | 2 | 15.00 | 100% | 50% | 0% |
| Fine Arts - Classical Music | 10 | 13.00 | 90% | 40% | 0% |
| Fine Arts - Other | 8 | 13.75 | 88% | 38% | 13% |
| Geography | 4 | 15.00 | 100% | 50% | 0% |
| History - American | 6 | 8.33 | 67% | 17% | 0% |
| History - European | 9 | 10.00 | 89% | 11% | 0% |
| History - World | 8 | 17.50 | 100% | 50% | 25% |
| Literature - American | 7 | 15.71 | 100% | 43% | 14% |
| Literature - British | 6 | 13.33 | 100% | 33% | 0% |
| Literature - European | 9 | 14.44 | 89% | 56% | 0% |
| Literature - World | 9 | 17.78 | 100% | 67% | 11% |
| Mythology | 3 | 16.67 | 100% | 33% | 33% |
| Other Academic | 5 | 14.00 | 100% | 40% | 0% |
| Painting & Sculpture | 7 | 12.86 | 100% | 29% | 0% |
| Philosophy | 2 | 15.00 | 100% | 50% | 0% |
| Religion | 7 | 14.29 | 100% | 43% | 0% |
| Science - Biology | 9 | 13.33 | 100% | 33% | 0% |
| Science - Chemistry | 8 | 16.25 | 100% | 50% | 13% |
| Science - Other | 7 | 12.86 | 100% | 29% | 0% |
| Science - Physics | 7 | 14.29 | 100% | 29% | 14% |
| Social Science | 9 | 13.33 | 89% | 44% | 0% |